000 00648nam a2200241 i 4500
001 C2-0081712
003 PPAK
005 20180727084610.0
008 970429s1991 nyu |||| ||||| | eng d
020 _a0393027686
040 _aPPAK
_beng
_cPPAK
_erda
082 0 4 _a616.89
_223
090 0 0 _a616.89
_bMAY
_dG
100 1 _aMay, Rollo,
_eauthor
245 1 4 _aThe cry for myth
264 1 _aNew York :
_bW.W. Norton & Co. ,
_c1991
300 _a320 pages ;
_c21 cm
336 _2rdacontent
_atext
337 _2rdamedia
_aunmediated
338 _2rdacarrier
_avolume
650 1 0 _aMythology - Therapeutic use ; Psychotherapy
942 _ddc
_cB
999 _c14809
_d14809